Commercial real estate desk book

Bibliographic Details
Main Author: Tanzer, Milt
Format: Book
Published: Englewood Cliffs : Institute for Business Planning , 1981
Subjects:

MARC

LEADER 00000cam a2200000 7i4500
001 0000002244
005 20050503.0
040 |a INS 
090 0 0 |a HD1382.5.   |b T35 1981 
100 1 |a Tanzer, Milt 
245 1 0 |a Commercial real estate desk book   |c Milt Tanzer 
260 |a Englewood Cliffs :   |b Institute for Business Planning ,   |c 1981 
300 |a 414p ;   |c 24 cm. 
500 |a Includes index 
650 0 0 |a real estate investment 
999 |a 0000000554   |b BOOK   |c Open Shelf   |e Default branch